| 000 | 01012nam a22002297a 4500 | ||
|---|---|---|---|
| 003 | BD-DhUL | ||
| 005 | 20240606115325.0 | ||
| 008 | 240605s2023 bg ||||| |||| 00| 0 ben | ||
| 020 | _a9789849804268 (pbk) | ||
| 040 |
_aBD-DhUL _cBD-DhUL |
||
| 082 |
_a891.439 _bDES |
||
| 100 | 1 | _aমান্টো, সাদাত হাসান | |
| 245 | 0 | 0 |
_aদেশভাগের গল্প : _bসাদাত হাসান মান্টো / _cসাদাত হাসান মান্টো; জাভেদ ইকবাল, মোস্তফা আজিজ জয় অনূদিত। |
| 260 |
_aঢাকা : _bজার্নিম্যান, _c২০২৩। |
||
| 300 |
_a১৩৪ পৃ. ; _c১৯ সেমি. |
||
| 365 |
_aBDT _b300.00 |
||
| 650 | 4 | _aউর্দু সাহিত্য। | |
| 650 | 4 | _aUrdu literature. | |
| 700 | 1 |
_aইকবাল, জাভেদ _eঅনু. |
|
| 700 | 1 |
_aজয়, মোস্তফা আজিজ _eঅনু. |
|
| 942 |
_2ddc _cBK |
||
| 999 |
_c259466 _d259466 |
||